| 000 | 00739cam a22002531 4500 | ||
|---|---|---|---|
| 001 | 10326674 | ||
| 003 | GBCCL | ||
| 005 | 20241126110409.0 | ||
| 008 | 741216s1964 nyu b 000 0 eng | ||
| 010 | _a 64016152 | ||
| 035 | _a(OCoLC)1111847 | ||
| 040 |
_aDLC _cMNtcA _dOCoLC _dDLC |
||
| 042 | _apremarc | ||
| 050 | 0 | 0 |
_aBV637 _b.W37 |
| 082 |
_a254.22 _bWEB |
||
| 100 | 1 |
_aWebber, George W. _93689 |
|
| 245 | 1 | 4 |
_aThe congregation in mission; _bemerging structures for the church in an urban society. |
| 260 |
_aNew York, _bAbingdon Press _c[1964] |
||
| 300 |
_a208 p. _c23 cm. |
||
| 504 | _aBibliography: p. 203-208. | ||
| 650 | 0 |
_aCity churches. _92402 |
|
| 906 |
_a7 _bcbc _coclcrpl _du _encip _f19 _gy-gencatlg |
||
| 942 |
_2ddc _cBK _06 |
||
| 999 |
_c1781 _d1781 |
||